000 00795cab a2200241 4500
001 ABS53674
008 090401t1995 xxu||||| |||| 00| 0 eng d
035 _a(Sirsi) u5808
041 _aeng
100 _aHarris, S.
245 _aHonesty is the best policy
260 _c1995
350 _a0
490 _aValuer (ISVA)
_v64(9) November 1995, 19(1)
520 _aExamines descriptions of property to be auctioned; the trend being for the minimum amount of information to be supplied. Gives examples of descriptions that are open to different interpretations.
650 _aLIABILITY CLAUSES
650 _aAuctioneering
_96218
650 _aPROPERTY DESCRIPTIONS
650 _aPROPERTY MISDESCRIPTIONS ACT 1991
690 _aAuctioneering
_96218
942 _n0
948 _c04/03/1997
999 _c3468
_d3468